000 00519nam a22001697a 4500
005 20150323170644.0
010 _aENG-112215
020 _a9788189323837
_c8000.00
035 _aEN-95747
037 _bDBAD/PUB
082 _a759.954
245 _aPainting of Gaganendranath Tagore /
_bintroduced by R Siva Kumar
260 _aKolkata
_bPratikshan
_c2015
270 _a38B Ananda Palit Road,
_bKolkata
_e700014
300 _a383p. :
_c32cm(Hb)
_bill.(chiefly col.)
942 _2ddc
_cEN
_mPAI
_h759.954
999 _c91663
_d91663